| 000 | 00578nam a22001697a 4500 | ||
|---|---|---|---|
| 003 | NUST | ||
| 038 | _aNusrat Nadeem | ||
| 082 | _a200 | ||
| 100 |
_aKhattak, Gul-E-Lala _9125534 |
||
| 245 |
_aA No-Code Solution for Streamlining Student Feedback and Assessment Processes/ _cGul-E-Lala Khattak, |
||
| 264 |
_aIslamabad; _bSEECS NUST; _c2024. |
||
| 300 |
_a81,p; _bill; _c30,cm. |
||
| 650 |
_aMS- Innovative Technologies in Learning _9125075 |
||
| 700 |
_aSupervisor: Dr. Sohail Iqbal _996779 |
||
| 856 | _uhttp://10.250.8.41:8080/xmlui/handle/123456789/46046 | ||
| 942 |
_2ddc _cSC |
||
| 999 |
_c611278 _d611278 |
||